Supervillain gallery Quiz Stats

 Plays Quiz not verified by Sporcle

Challenge
Share
Tweet
Score 0/44 Timer 15:00
0 Plays Today
Hint Answer % Correct
BatmanJoker
98.6%
BatmanRiddler
95.7%
BatmanBane
94.3%
BatmanTwo-Face or Harvey Dent
92.9%
BatmanCatwoman
92.9%
BatmanScarecrow
90%
Spider-ManGreen Goblin or Norman Osborn
90%
ThorLoki
90%
SupermanLex Luthor
88.6%
Spider-ManDoctor Octopus or Otto Octavius
88.6%
Spider-ManElectro
88.6%
X-menMagneto
88.6%
Spider-ManSandman
88.6%
BatmanPenguin
87.1%
Captain AmericaRed Skull
87.1%
X-menJuggernaut
87.1%
SupermanGeneral Zod
85.7%
Spider-ManVenom
85.7%
DaredevilBullseye
85.7%
BatmanPoison Ivy
84.3%
DaredevilKingpin
84.3%
X-menMystique
84.3%
Hint Answer % Correct
Iron ManMandarin
82.9%
AvengersUltron
81.4%
SupermanBizarro
80%
BatmanRa's al Ghul
80%
SupermanDoomsday
78.6%
Green LanternSinestro
77.1%
Spider-ManBlack Cat
75.7%
TransformersMegatron
75.7%
Fantastic 4Doctor Doom
75.7%
Iron ManBlack Widow
71.4%
Fantastic 4Galactus
70%
X-menDark Phoenix
70%
SupermanBrainiac
65.7%
WatchmenOzymandias
60%
SupermanMister Mxyzptlk or Mxy
52.9%
Captain MarvelBlack Adam
50%
Iron ManCrimson Dynamo
48.6%
SupermanDarkseid
45.7%
TransformersGalvatron
41.4%
Iron ManTitanium Man
34.3%
TransformersSentinel Prime
21.4%
Iron ManWong-Chu
5.7%

You're not logged in!

Compare scores with friends on all Sporcle quizzes.
OR
Log In

You Might Also Like...

Show Comments

Extras

Created Jun 15, 2017ReportNominate
Tags:gallery, supervillain

Top Quizzes Today


Score Distribution

Your Account Isn't Verified!

In order to create a playlist on Sporcle, you need to verify the email address you used during registration. Go to your Sporcle Settings to finish the process.

Report this User

Report this user for behavior that violates our Community Guidelines.

Details: